000 00215 a2200109 4500
020 _a9780805093339
041 _aspa
100 _aAngela Dominguez
245 _aMaria tenia una llamita
942 _cBK
952 _71
999 _c23092
_d23092